[Event "ch-VIE 2017"]
[Site "Hanoi VIE"]
[Date "2017.04.18"]
[Round "3.11"]
[White "Duong The Anh"]
[Black "Le,Minh Tu"]
[Result "1-0"]
[WhiteElo "2335"]
[BlackElo "1934"]

1.d4 d5 2.c4 c6 3.Nc3 Nf6 4.e3 g6 5.Nf3 Bg7 6.Be2 O-O 7.O-O Nbd7 8.b4 Ne4
9.Nxe4 dxe4 10.Nd2 f5 11.Qb3 Kh8 12.Rd1 g5 13.Bb2 Nf6 14.f3 Qe8 15.Rf1 Be6
16.fxe4 fxe4 17.Rf2 Qg6 18.Raf1 g4 19.d5 Bg8 20.dxc6 bxc6 21.Be5 Rfd8 22.Qc3
h5 23.Nb3 Kh7 24.Nc5 Nd7 25.Bxg7 Nxc5 26.Bd4 Ne6 27.Be5 Ng5 28.Kh1 Be6 29.Bg3
Rg8 30.Bd1 Rad8 31.Bc2 Rd3 32.Bxd3 exd3 33.Qd4 Ne4 34.Rf4 Nd6 35.e4 Bxc4 36.e5
d2 37.exd6 Bxf1 38.Rxf1 Rf8 39.Rg1 {#r} 1-0

[Event "ch-VIE 2017"]
[Site "Hanoi VIE"]
[Date "2017.04.18"]
[Round "3.16"]
[White "Nguyen,Viet Huy"]
[Black "Pham,X"]
[Result "0-1"]
[WhiteElo "1710"]
[BlackElo "2157"]

1.d4 Nf6 2.Bg5 Ne4 3.Bh4 g5 4.Bg3 h5 5.f3 Nxg3 6.hxg3 c5 7.e3 cxd4 8.Qxd4 Rh6
9.Nd2 Qc7 10.O-O-O Nc6 11.Qc3 d5 12.f4 Bg4 13.Be2 O-O-O 14.Bxg4+ hxg4 15.Rxh6
Bxh6 16.Ne2 gxf4 17.gxf4 e5 18.g3 d4 19.exd4 exf4 20.gxf4 Bxf4 21.Qd3 Bh6
22.Kb1 Kb8 23.Ne4 Ne5 24.Qg3 f5 25.Rh1 Nf7 26.Nc5 Qxg3 27.Nxg3 f4 28.Nf5 Bg5
29.Ne6 Rd5 30.Nfg7 f3 31.Nh5 Rd6 32.Neg7 Rxd4 33.Ng3 Rd7 34.c3 Bf4 35.N3h5 Bc7
36.Nf6 g3 37.Ne4 Re7 {#R} 0-1

[Event "ch-VIE 2017"]
[Site "Hanoi VIE"]
[Date "2017.04.18"]
[Round "3.17"]
[White "Duong,Thu"]
[Black "Nguyen,Dinh Trung"]
[Result "0-1"]
[WhiteElo "2048"]
[BlackElo "1751"]

1.e4 e5 2.Nc3 Nc6 3.g3 d6 4.Bg2 Nd4 5.Nce2 Nxe2 6.Nxe2 h5 7.h3 g6 8.d4 Be6
9.Be3 Bg7 10.Qd2 Ne7 11.Qb4 Qc8 12.d5 Bd7 13.c4 b6 14.Qd2 f5 15.Nc3 h4 16.Bg5
hxg3 17.fxg3 f4 18.gxf4 Bxh3 19.O-O-O exf4 20.Bxh3 Rxh3 21.Nb5 a6 22.Rxh3 axb5
23.Rh7 Qg4 24.Bxe7 Be5 25.Qb4 Ra5 26.c5 Qe2 27.Qd2 Qc4+ 28.Qc2 Bxb2+ 29.Kd2
Bc3+ 30.Kc1 Rxa2 {#R} 0-1

[Event "ch-VIE 2017"]
[Site "Hanoi VIE"]
[Date "2017.04.18"]
[Round "4.5"]
[White "Nguyen Duc Hoa"]
[Black "Duong The Anh"]
[Result "1-0"]
[WhiteElo "2492"]
[BlackElo "2335"]

1.Nf3 Nf6 2.c4 e6 3.g3 b6 4.Bg2 Bb7 5.O-O Be7 6.d4 O-O 7.Re1 d5 8.Ne5 Nbd7
9.Bf4 Nxe5 10.Bxe5 c6 11.cxd5 cxd5 12.Nc3 {#r} 1-0

[Event "ch-VIE 2017"]
[Site "Hanoi VIE"]
[Date "2017.04.18"]
[Round "4.6"]
[White "Hoang Canh Huan"]
[Black "Dao Thien Hai"]
[Result "0-1"]
[WhiteElo "2403"]
[BlackElo "2456"]

1.Nf3 d5 2.g3 c6 3.Bg2 Bg4 4.O-O Nd7 5.h3 Bh5 6.d3 e6 7.Nbd2 Bd6 8.b3 Ne7
9.Bb2 O-O 10.e4 a5 11.d4 Bxf3 12.Bxf3 f5 13.e5 Bb8 14.c4 b5 15.cxb5 cxb5
16.Be2 Qb6 17.a4 bxa4 18.Ba3 Rf7 19.bxa4 Qxd4 20.Nf3 Qa7 21.Bb5 Nxe5 22.Ng5
N5g6 23.Qh5 h6 24.Nxe6 Be5 25.Rae1 Rf6 26.Bc5 Qb7 27.Nd4 Qc7 28.Bxe7 Nxe7
29.Qd1 Kh8 30.Kg2 f4 31.Nf3 Bc3 32.Qc2 Rc8 33.Rc1 fxg3 34.fxg3 Nf5 35.Qf2 d4
36.Rfe1 Qb7 37.Bd3 Bxe1 {#R} 0-1

[Event "ch-VIE 2017"]
[Site "Hanoi VIE"]
[Date "2017.04.18"]
[Round "4.7"]
[White "Nguyen Van Huy"]
[Black "To,N"]
[Result "1-0"]
[WhiteElo "2430"]
[BlackElo "2313"]

1.d4 d5 2.Nf3 Nf6 3.c4 c6 4.Nc3 e6 5.Bg5 Nbd7 6.e3 Qa5 7.cxd5 Nxd5 8.Qd2 Bb4
9.Rc1 O-O 10.Bd3 c5 11.a3 Bxc3 12.bxc3 b6 13.e4 N5f6 14.O-O Bb7 15.Rfe1 Rfc8
16.Qb2 h6 17.Bd2 c4 18.Bb1 Bc6 19.Bf4 b5 20.Ne5 Nxe5 21.Bxe5 Nd7 22.Bg3 Re8
23.f4 Nf8 24.Rf1 a6 25.Rce1 f6 26.f5 exf5 27.Rxf5 Qd8 28.e5 fxe5 29.Bxe5 Ng6
30.Qc2 Qd5 31.Rf3 Re6 32.Ref1 Rf8 33.Qxg6 Rxg6 34.Rxf8+ Kh7 35.R1f3 Qe6
36.R3f7 {#r} 1-0

[Event "ch-VIE 2017"]
[Site "Hanoi VIE"]
[Date "2017.04.18"]
[Round "4.8"]
[White "Vo Thanh Ninh"]
[Black "Lu Chan Hung"]
[Result "1-0"]
[WhiteElo "2414"]
[BlackElo "2197"]

1.c4 e5 2.g3 Nf6 3.Bg2 d5 4.cxd5 Nxd5 5.Nf3 Nc6 6.O-O Be7 7.d4 exd4 8.Nxd4
Nxd4 9.Qxd4 Nf6 10.Qa4+ c6 11.Rd1 Qb6 12.Be3 Qxb2 13.Bd4 Qb5 14.Qxb5 cxb5
15.Nc3 b4 16.Nb5 O-O 17.Nc7 Rb8 18.Bxa7 Be6 19.Bxb8 Rxb8 20.Nxe6 fxe6 21.Rac1
b6 22.Bh3 Bc5 23.Bxe6+ Kf8 24.e3 Ke7 25.Bb3 Ne4 26.Rc4 Nc3 27.Rd2 Rc8 28.Rf4
Rf8 29.Rxf8 Kxf8 30.Rd7 Be7 31.Rb7 {#r} 1-0

[Event "ch-VIE 2017"]
[Site "Hanoi VIE"]
[Date "2017.04.18"]
[Round "4.9"]
[White "Nguyen,Dinh Trung"]
[Black "Nguyen Van Hai"]
[Result "1-0"]
[WhiteElo "1751"]
[BlackElo "2323"]

1.e4 c5 2.Nf3 d6 3.d4 cxd4 4.Nxd4 Nf6 5.Nc3 a6 6.f3 e5 7.Nb3 Be6 8.Bg5 Nbd7
9.Nd5 Bxd5 10.exd5 Be7 11.Be3 Rc8 12.c4 O-O 13.Bd3 Nh5 14.O-O Bg5 15.Qd2 Bxe3+
16.Qxe3 Nf4 17.g3 Nxd3 18.Qxd3 Qb6+ 19.Kh1 Rfe8 20.Nd2 Qxb2 21.Rfb1 Qd4
22.Qxd4 exd4 23.Ne4 Rxe4 24.fxe4 Nc5 25.Kg2 Re8 26.Re1 g6 27.Rad1 d3 28.Kf3
Kg7 29.Re3 Kf6 30.Rexd3 Nxd3 31.Rxd3 Rc8 32.Rb3 Rxc4 33.Rxb7 Ra4 34.Rd7 Rxa2
35.Rxd6+ Ke5 36.Rd7 Ra3+ 37.Kg4 Kxe4 38.Rxf7 Kxd5 39.Rxh7 Rc3 40.Rd7+ {#r} 1-0

[Event "ch-VIE 2017"]
[Site "Hanoi VIE"]
[Date "2017.04.18"]
[Round "4.12"]
[White "Nguyen,Phuoc Tam"]
[Black "Tran,Minh Thang"]
[Result "0-1"]
[WhiteElo "2045"]
[BlackElo "2426"]

1.d4 Nf6 2.Nf3 g6 3.c4 Bg7 4.Nc3 d5 5.Qb3 dxc4 6.Qxc4 O-O 7.e4 a6 8.a3 b5
9.Qd3 c5 10.dxc5 Qc7 11.Be3 Rd8 12.Qc2 Be6 13.h3 Nbd7 14.Rc1 Nxc5 15.Nd5 Nxd5
16.exd5 Rxd5 17.b4 Bf5 18.Qa2 Nd3+ 19.Bxd3 Bc3+ 20.Bd2 Bxd2+ 21.Qxd2 Qd6
22.O-O Rxd3 23.Qh6 f6 24.Nh4 Bd7 25.Nxg6 f5 26.Nxe7+ Qxe7 27.Rfe1 Qd6 28.Qh4
Rd4 29.Qh5 Rf8 30.Rcd1 Rxd1 31.Rxd1 Qe7 32.Qh6 Bc8 33.Qf4 Bb7 34.Rd3 Kh8 {#R}
0-1

[Event "ch-VIE 2017"]
[Site "Hanoi VIE"]
[Date "2017.04.18"]
[Round "4.14"]
[White "Le,Minh Tu"]
[Black "Le Huu Thai"]
[Result "0-1"]
[WhiteElo "1934"]
[BlackElo "2223"]

1.d4 Nf6 2.c4 e6 3.Nc3 Bb4 4.Nf3 b6 5.g3 Bb7 6.Bg2 O-O 7.O-O Re8 8.Qc2 Qc8
9.a3 Bxc3 10.Qxc3 d6 11.b4 Nbd7 12.Bb2 a6 13.Rac1 Bc6 14.Rfd1 Ra7 15.b5 axb5
16.d5 Bb7 17.dxe6 fxe6 18.cxb5 Nc5 19.Nd4 Bxg2 20.Kxg2 e5 21.Nc6 Ra4 22.Qf3
Qe6 23.Nb4 Rf8 24.Rxc5 bxc5 25.Na6 Ne4 26.Nxc7 Qc4 27.Qg4 Qf7 28.Bxe5 Qxc7
29.Bxd6 h5 30.Bxc7 hxg4 31.b6 Rxa3 32.Rb1 c4 33.f3 Rb3 34.Rc1 gxf3+ 35.exf3
Nd2 36.Rc2 c3 37.Be5 Nb1 38.Bc7 Rb2 39.Rxb2 cxb2 40.Be5 Nc3 {#R} 0-1

[Event "ch-VIE w 2017"]
[Site "Hanoi VIE"]
[Date "2017.04.18"]
[Round "3.3"]
[White "Vo Thi Kim Phung"]
[Black "Nguyen,Thi Phuong Thao"]
[Result "1-0"]
[WhiteElo "2319"]
[BlackElo "2077"]

1.d4 d5 2.Nf3 Nf6 3.c4 dxc4 4.g3 e6 5.Bg2 c5 6.Qa4+ Nbd7 7.O-O a6 8.Nc3 cxd4
9.Nxd4 Bc5 10.Qxc4 Qe7 11.Nb3 Ba7 12.Na5 O-O 13.Qh4 Bb6 14.Nc4 Bc7 15.b3 Rb8
16.Ba3 Qd8 17.Bxf8 Qxf8 18.Nd2 b5 19.Rac1 Ba5 20.Nde4 h6 21.Nxf6+ Nxf6 22.Ne4
Nd5 23.Rfd1 f5 24.Nc5 Bd8 25.Qd4 Bf6 26.Qd2 Nb6 27.Qd6 Qxd6 28.Rxd6 Kf7 29.Nb7
Na8 30.Rxa6 Bxb7 31.Ra7 Kg6 32.Rxb7 Rxb7 33.Bxb7 Nb6 34.Rc5 {#r} 1-0

[Event "ch-VIE w 2017"]
[Site "Hanoi VIE"]
[Date "2017.04.18"]
[Round "3.8"]
[White "Nguyen,Truong Bao Tran"]
[Black "Tran Le Dan Thuy"]
[Result "0-1"]
[WhiteElo "1934"]
[BlackElo "2031"]

1.d4 Nf6 2.c4 e6 3.g3 d5 4.Bg2 c6 5.Nf3 Nbd7 6.Nbd2 Bd6 7.O-O O-O 8.b3 Qe7
9.Bb2 Ne4 10.Ne5 f5 11.e3 Qf6 12.Ndf3 Qh6 13.Qc1 Ndf6 14.Ba3 Bxa3 15.Qxa3 Bd7
16.b4 Be8 17.Rac1 a6 18.Nd3 Bh5 19.Nfe5 Ng4 20.Nxg4 Bxg4 21.Rc2 Ng5 22.Ne5 Bh3
23.f3 Bxg2 24.Kxg2 Nf7 25.Nxf7 Rxf7 26.b5 dxc4 27.bxc6 b5 28.Rb1 Rfa7 29.f4
Qf6 30.Qb4 Qd8 31.a4 Qd5+ 32.Kh3 Rf7 33.Rf2 Rf6 34.g4 fxg4+ 35.Kg3 Rh6 36.Kxg4
Rg6+ 37.Kh4 Qf5 {#R} 0-1

[Event "ch-VIE w 2017"]
[Site "Hanoi VIE"]
[Date "2017.04.18"]
[Round "3.9"]
[White "Nguyen,Hoang Anh"]
[Black "Nguyen,Thi Thao Linh"]
[Result "1-0"]
[WhiteElo "2029"]
[BlackElo "1830"]

1.d4 g6 2.c4 Bg7 3.Nc3 d6 4.Nf3 Nf6 5.e4 O-O 6.Be2 c5 7.O-O cxd4 8.Nxd4 Nc6
9.Be3 a6 10.Kh1 Bd7 11.f3 Rc8 12.Qd2 Nh5 13.Nd5 e6 14.Nxc6 Bxc6 15.Nb6 Rb8
16.Rad1 Qh4 17.Bf2 Qf4 18.g3 Qxd2 19.Rxd2 Rfd8 20.Rfd1 f5 21.exf5 exf5 22.b3
Nf6 23.Kg2 Bf8 24.Kg1 Kf7 25.b4 Nd7 26.b5 Nxb6 27.Bxb6 axb5 28.cxb5 Bd7
29.Bxd8 Rxd8 30.Bc4+ Be6 31.Bxe6+ Kxe6 32.Rc2 Be7 33.Rc7 Bf6 34.Rxb7 Ra8
35.Rd2 h5 36.Rb6 Be7 37.Ra6 Rb8 38.a4 Rb7 39.b6 Bf6 40.a5 Bc3 41.Re2+ Be5 {#r}
1-0

[Event "ch-VIE w 2017"]
[Site "Hanoi VIE"]
[Date "2017.04.18"]
[Round "3.10"]
[White "Huynh,Ngoc Thuy Linh"]
[Black "Le Thi Ha"]
[Result "0-1"]
[WhiteElo "1914"]
[BlackElo "1972"]

1.d4 Nf6 2.c4 e6 3.Nc3 Bb4 4.Qc2 b6 5.e4 Bxc3+ 6.bxc3 d6 7.Bd3 e5 8.Ba3 c5
9.d5 O-O 10.Ne2 Nh5 11.O-O g5 12.Bc1 Nf4 13.Nxf4 gxf4 14.a4 a5 15.Qe2 Qf6
16.Qf3 Kh8 17.h3 Rg8 18.Kh2 Qh6 19.Qd1 Rxg2+ 20.Kxg2 Qxh3+ {#R} 0-1

[Event "ch-VIE w 2017"]
[Site "Hanoi VIE"]
[Date "2017.04.18"]
[Round "3.15"]
[White "Ha,Phuong Hoang Mai"]
[Black "Hoang Thi Nhu Y"]
[Result "0-1"]
[WhiteElo "1739"]
[BlackElo "2241"]

1.d4 Nf6 2.c4 e6 3.Nc3 Bb4 4.Qc2 O-O 5.Nf3 c5 6.a3 Bxc3+ 7.bxc3 Nc6 8.e4 d6
9.Bf4 cxd4 10.cxd4 e5 11.Be3 exd4 12.Nxd4 Qa5+ 13.Ke2 Qe5 14.Rd1 Qxe4 15.Qxe4
Nxe4 16.Kd3 Re8 17.Kc2 Ne5 18.Nb5 Bd7 19.Nxd6 Ba4+ 20.Kc1 Red8 21.Rd5 Rxd6
22.Rxe5 Rd1+ 23.Kb2 Nd2 24.Bxd2 Rxd2+ 25.Kc3 Rxf2 26.Re2 Rf6 27.Rb2 Bc6 28.Bd3
Re8 29.Rf1 Rxf1 30.Bxf1 Re3+ 31.Bd3 g6 32.Kd4 Re1 33.g3 Kf8 34.c5 Ra1 35.Rb3
Re1 36.Bc4 Rd1+ 37.Ke3 f5 38.Bd3 Kf7 39.Be2 Rh1 40.h4 Rh3 41.Kf2 f4 42.Bc4+
{#R} 0-1

[Event "ch-VIE w 2017"]
[Site "Hanoi VIE"]
[Date "2017.04.18"]
[Round "3.16"]
[White "Kieu,Bich Thuy"]
[Black "Nguyen,Thi Thuy"]
[Result "1-0"]
[WhiteElo "1729"]
[BlackElo "1947"]

1.d4 Nf6 2.Bf4 g6 3.e3 Bg7 4.Nf3 d6 5.c4 Nh5 6.Bg5 h6 7.Bh4 c5 8.Nc3 cxd4
9.Nxd4 Nc6 10.Ndb5 a6 11.Nd4 O-O 12.Qd2 Nxd4 13.exd4 Be6 14.Be2 Nf6 15.O-O Rc8
16.b3 Nh7 17.Rad1 g5 18.Bg3 f5 19.h4 f4 20.Bh2 Qd7 21.hxg5 hxg5 22.Rfe1 Bh6
23.Bf3 Bf5 24.Qe2 e6 25.g4 fxg3 26.Bxg3 Nf6 27.Ne4 Nxe4 28.Bxe4 Rce8 29.Qh5
Kh7 30.c5 d5 31.Bg2 Bg6 32.Qe2 Qf7 33.Bd6 Rg8 34.Bh3 Be4 35.Bg4 Bf8 36.Be5 Bg7
37.f3 Bxe5 38.fxe4 Bg3 39.Rf1 Qg7 40.exd5 exd5 41.Qd3+ Kh8 42.Qxg3 {#r} 1-0

[Event "ch-VIE w 2017"]
[Site "Hanoi VIE"]
[Date "2017.04.18"]
[Round "3.17"]
[White "Bui,Thuy Vy"]
[Black "Vu,Bui Thi Thanh Van"]
[Result "1-0"]
[WhiteElo "1750"]
[BlackElo "1456"]

1.d4 d5 2.c4 c6 3.Nc3 Nf6 4.Bg5 e6 5.cxd5 exd5 6.Qc2 Be7 7.e3 O-O 8.Bd3 h6
9.Bh4 Re8 10.Nge2 Nbd7 11.h3 Ne4 12.Bxe7 Qxe7 13.Bxe4 dxe4 14.g4 Nf6 15.O-O-O
b6 16.Rdg1 Ba6 17.g5 hxg5 18.Rxg5 Nd5 19.Rhg1 f6 20.Rxg7+ Qxg7 21.Rxg7+ Kxg7
22.Ng3 Bd3 23.Qd1 Nxc3 24.bxc3 Rad8 25.Qg4+ Kf7 26.Nf5 Rh8 27.Qf4 Rd7 28.h4 c5
29.Nh6+ Ke7 30.Qg4 Rc8 31.d5 Rcd8 32.Qe6+ Kf8 33.d6 Kg7 34.Nf5+ Kh7 35.Qxf6 b5
36.Qh6+ Kg8 37.Ne7+ Kf7 38.Qg6+ Kf8 39.Qg8# 1-0

[Event "ch-VIE w 2017"]
[Site "Hanoi VIE"]
[Date "2017.04.18"]
[Round "4.7"]
[White "Ton,N"]
[Black "Nguyen,Hoang Anh"]
[Result "1-0"]
[WhiteElo "1960"]
[BlackElo "2029"]

1.d4 Nf6 2.c4 g6 3.Nc3 d6 4.e4 Bg7 5.f3 O-O 6.Be3 e5 7.Nge2 c6 8.Qd2 Nbd7 9.d5
Nb6 10.b3 cxd5 11.cxd5 a6 12.Nc1 Nbd7 13.Nd3 Ne8 14.a4 b6 15.Nb4 Bb7 16.Nc6
Qc7 17.Rc1 Nb8 18.Na2 Bxc6 19.dxc6 a5 20.Qf2 f5 21.Bxb6 Qc8 22.exf5 gxf5 23.c7
Nd7 24.Bc4+ Kh8 25.Bd5 Nef6 26.Bxa8 Qxa8 27.Nc3 Qa6 28.Be3 f4 29.Ba7 Qc6
30.O-O Qxc7 31.Nb5 Qb7 32.Rc7 Qd5 33.Qc2 Qe6 34.Rc6 Ne8 35.Rd1 Qg6 36.Qxg6
hxg6 37.Nxd6 Nxd6 38.Rcxd6 Nf6 39.Rd8 Kh7 40.Rb8 {#r} 1-0

[Event "ch-VIE w 2017"]
[Site "Hanoi VIE"]
[Date "2017.04.18"]
[Round "4.17"]
[White "Nguyen,Thi Thuy"]
[Black "Ha,Phuong Hoang Mai"]
[Result "1-0"]
[WhiteElo "1947"]
[BlackElo "1739"]

1.c4 c5 2.Nc3 Nc6 3.g3 e6 4.Bg2 Nge7 5.e4 a6 6.Nge2 g6 7.d3 Bg7 8.Be3 b6 9.d4
cxd4 10.Nxd4 Bb7 11.O-O O-O 12.Rc1 Rc8 13.b3 f5 14.exf5 Nxf5 15.Nxf5 Rxf5
16.Na4 Qe7 17.Nxb6 Rd8 18.Qd2 d6 19.f4 Nb8 20.Bh3 Rff8 21.Rfe1 e5 22.Nd5 Bxd5
23.Qxd5+ Kh8 24.Bb6 Rde8 25.fxe5 Bxe5 26.c5 {#r} 1-0

[Event "ch-KAZ 2017"]
[Site "Almaty KAZ"]
[Date "2017.04.18"]
[Round "8.5"]
[White "Ismagambetov,An"]
[Black "Kazhgaleyev,M"]
[Result "1-0"]
[WhiteElo "2545"]
[BlackElo "2594"]

1.e4 e5 2.Nf3 Nc6 3.Bb5 a6 4.Ba4 g6 5.c3 Bg7 6.d4 exd4 7.cxd4 b5 8.Bb3 d6
9.O-O Bg4 10.Be3 Na5 11.Nbd2 Nxb3 12.Qxb3 Nf6 13.e5 dxe5 14.dxe5 Nd5 15.Bc5
Nf4 16.Rad1 Qd5 17.Qe3 Ne6 18.Ne4 Qb7 19.Rfe1 Bxf3 20.gxf3 Rd8 21.Bb4 a5
22.Nc5 Qb6 23.Nxe6 fxe6 24.Bc5 Qc6 25.Rxd8+ Kxd8 26.Rc1 Qb7 27.Qd2+ Kc8 28.Bd6
c6 29.Qxa5 Bh6 30.Rc2 Rd8 31.Qb4 Re8 32.Qe4 Kd7 33.Qh4 Bf8 34.Qxh7+ Kc8
35.Qxg6 Qd7 36.a4 Bxd6 37.exd6 Kb8 38.axb5 cxb5 39.Rc5 Rh8 40.Qd3 Qg7+ 41.Kf1
{#r} 1-0

[Event "1st Fischer Mem GM 2017"]
[Site "Heraklion GRE"]
[Date "2017.04.18"]
[Round "2.5"]
[White "Ristic,Nen"]
[Black "Kapnisis,S"]
[Result "0-1"]
[WhiteElo "2414"]
[BlackElo "2451"]

1.e4 c5 2.Nf3 g6 3.d4 cxd4 4.Qxd4 Nf6 5.Nc3 Nc6 6.Qa4 d6 7.e5 Ng4 8.exd6 Qxd6
9.Bf4 Qc5 10.O-O-O Bg7 11.Nd5 O-O 12.b4 Nxb4 13.Qxb4 Qxb4 14.Nxb4 Nxf2 15.Bc4
Bg4 16.Bd5 Rad8 17.Rhf1 Nxd1 18.Rxd1 a5 19.Bc7 Rc8 20.Bxa5 Rc5 21.Bd8 Rxd8
22.Bxf7+ Kxf7 23.Rxd8 Bxf3 24.gxf3 Rh5 25.Rd7 Rxh2 26.Nd5 Bh6+ 27.Kb2 Ke6
28.Nb6 Bg7+ 29.Kb3 h5 30.Rxb7 h4 31.Na4 h3 32.Nc5+ Kf7 33.Rb4 g5 34.Ne4 Rg2
{#R} 0-1

[Event "1st Fischer Mem GM 2017"]
[Site "Heraklion GRE"]
[Date "2017.04.18"]
[Round "3.3"]
[White "Theodorou,Nikolas"]
[Black "Migot,T"]
[Result "1-0"]
[WhiteElo "2487"]
[BlackElo "2355"]

1.Nf3 d5 2.c4 c6 3.g3 Nf6 4.Bg2 g6 5.b3 Bg7 6.Bb2 O-O 7.O-O a5 8.Nc3 Ne4 9.d4
Nxc3 10.Bxc3 Bf5 11.Ne5 Be6 12.Qd3 Nd7 13.cxd5 Nxe5 14.dxe5 Bxd5 15.Rfd1 Bxg2
16.Kxg2 Qc7 17.e6 fxe6 18.Bxg7 Kxg7 19.Qe3 e5 20.Rd3 Rad8 21.Rad1 Rxd3 22.Rxd3
Rd8 23.Rxd8 Qxd8 24.Qxe5+ Kg8 25.e4 Kf7 26.h4 h5 27.g4 Qd1 28.Qf4+ Kg7 29.gxh5
Qxh5 30.f3 Qc5 31.Qc7 b6 32.Qd8 Kf7 33.Qh8 Qh5 34.Qxh5 gxh5 35.f4 Ke6 36.Kf3
Kd6 37.Ke3 b5 38.Kd4 {#r} 1-0

[Event "1st Fischer Mem GM 2017"]
[Site "Heraklion GRE"]
[Date "2017.04.18"]
[Round "3.5"]
[White "Gungl,T"]
[Black "Mitsis,Georgios"]
[Result "0-1"]
[WhiteElo "2269"]
[BlackElo "2239"]

1.e4 e6 2.d4 d5 3.Nd2 Nf6 4.e5 Nfd7 5.Bd3 c5 6.c3 Nc6 7.Ne2 cxd4 8.cxd4 Qb6
9.Nf3 f6 10.exf6 Nxf6 11.O-O Bd6 12.b3 O-O 13.Bf4 Bxf4 14.Nxf4 Bd7 15.Re1 Rae8
16.Rc1 Kh8 17.Bb1 Re7 18.Ng5 Kg8 19.Qd3 g6 20.Rcd1 Ne4 21.Rxe4 dxe4 22.Qxe4
Rf6 23.h4 Qc7 24.g3 Qd6 25.h5 Rf5 26.Nf3 g5 27.Nh3 h6 28.g4 Rf6 29.Qe3 e5 {#R}
0-1

[Event "1st Capablanca Mem IM"]
[Site "Heraklion GRE"]
[Date "2017.04.18"]
[Round "2.1"]
[White "Triantos,Konstantinos"]
[Black "Balokas,D2"]
[Result "0-1"]
[WhiteElo "2051"]
[BlackElo "2184"]

1.e4 e5 2.Nf3 Nc6 3.Bb5 a6 4.Ba4 d6 5.a3 Bd7 6.d3 g6 7.Nc3 Bg7 8.O-O Nge7
9.Be3 O-O 10.h3 Nd4 11.Bxd7 Qxd7 12.Na2 f5 13.Nxd4 exd4 14.Bd2 fxe4 15.dxe4 d5
16.exd5 Nxd5 17.c3 c5 18.cxd4 Bxd4 19.Bc3 Nf4 20.Bxd4 cxd4 21.Nb4 d3 22.Qb3+
Rf7 23.Rad1 Rd8 24.Rd2 a5 25.Nc2 Qe7 26.Ne3 Qg5 27.Kh1 Rd4 28.Rg1 Ne2 29.Rf1
a4 30.Qa2 Nf4 31.b3 Qh5 32.Kh2 Nxh3 33.g4 Qh6 34.bxa4 Ng5+ {#R} 0-1

[Event "1st Capablanca Mem IM"]
[Site "Heraklion GRE"]
[Date "2017.04.18"]
[Round "2.2"]
[White "Anagnostopoulos,Konstantinos"]
[Black "Vuelban,V"]
[Result "1-0"]
[WhiteElo "2201"]
[BlackElo "2257"]

1.d4 Nf6 2.Nf3 e6 3.Bf4 d5 4.e3 Bd6 5.Bg3 O-O 6.Nbd2 c5 7.c3 Nc6 8.Bb5 Ne7
9.Bd3 a6 10.e4 dxe4 11.Nxe4 Nxe4 12.Bxe4 cxd4 13.Qxd4 Bxg3 14.hxg3 f5 15.Bc2
Nc6 16.Qc5 h6 17.Rd1 Qc7 18.Bb3 Kh8 {#r} 1-0

[Event "1st Capablanca Mem IM"]
[Site "Heraklion GRE"]
[Date "2017.04.18"]
[Round "2.3"]
[White "Hristodoulou,P"]
[Black "Ivanov,MM"]
[Result "0-1"]
[WhiteElo "2278"]
[BlackElo "2421"]

1.e4 c5 2.Nf3 Nc6 3.d4 cxd4 4.Nxd4 e5 5.Nb5 a6 6.Nd6+ Bxd6 7.Qxd6 Qe7 8.Qd1
Nf6 9.Nc3 d6 10.Bg5 Be6 11.Be2 O-O 12.O-O Nd4 13.f4 b5 14.f5 Nxe2+ 15.Nxe2 Bc4
16.Rf2 Bxe2 17.Rxe2 Rac8 18.Kh1 Rc6 19.Qd3 h6 20.Bh4 Rfc8 21.c3 Rc4 22.h3 a5
23.a3 Kh7 24.Rd1 R8c6 25.Red2 b4 26.cxb4 axb4 27.a4 Qa7 28.Bxf6 gxf6 29.Qd5
Kg7 30.Rd3 Qf2 31.Kh2 Qf4+ 32.Rg3+ Kf8 33.Qa5 Ke7 34.Qa7+ Rc7 35.Qb6 Rd7 36.b3
Rc3 {#R} 0-1

[Event "1st Capablanca Mem IM"]
[Site "Heraklion GRE"]
[Date "2017.04.18"]
[Round "3.4"]
[White "Vuelban,V"]
[Black "Hristodoulou,P"]
[Result "1-0"]
[WhiteElo "2257"]
[BlackElo "2278"]

1.e4 e6 2.d4 d5 3.Nc3 Nf6 4.Bg5 Bb4 5.e5 h6 6.Bd2 Bxc3 7.bxc3 Ne4 8.Qg4 g6
9.Bd3 Nxd2 10.Kxd2 c5 11.Nf3 Nc6 12.h4 Qa5 13.Qf4 Nxd4 14.Nxd4 cxd4 15.Qxd4
Bd7 16.Rhb1 Qc7 17.f4 h5 18.Rb3 Bc6 19.Rab1 Qe7 20.g3 O-O 21.Rg1 Kg7 22.Rbb1
Rh8 23.Rbf1 b6 24.f5 exf5 25.Bxf5 gxf5 26.Rxf5 Rh6 27.Rgf1 Rf8 28.Rf6 Rg6
29.R1f5 Be8 30.Rxh5 Rh8 31.Rxg6+ fxg6 32.e6+ {#r} 1-0

[Event "20th Heraklion Open 2017"]
[Site "Heraklion GRE"]
[Date "2017.04.18"]
[Round "2.1"]
[White "Serpetsidakis,Nikolaos"]
[Black "Antic,De"]
[Result "0-1"]
[WhiteElo "1994"]
[BlackElo "2472"]

1.d4 e6 2.Nf3 Nf6 3.e3 b6 4.Bd3 Bb7 5.Nbd2 c5 6.O-O Be7 7.b3 O-O 8.Bb2 d6 9.c4
Nbd7 10.Rc1 Re8 11.Qc2 g6 12.Bc3 Bf8 13.Qb2 cxd4 14.exd4 Nh5 15.Rfe1 Bh6
16.Rcd1 Bxd2 17.Qxd2 Bxf3 18.gxf3 Qf6 19.Bf1 d5 20.Qe3 Nf4 21.Kh1 Qh4 22.Bb4
e5 23.Bd6 Re6 24.Bxe5 Nxe5 25.dxe5 g5 26.Rd4 dxc4 27.Rxc4 Rae8 28.Re4 Qh5
29.Rxf4 gxf4 30.Qxf4 Rxe5 31.Rxe5 Qxe5 32.Qg4+ Kh8 33.Qc4 Rg8 34.f4 Qg7 {#R}
0-1

[Event "20th Heraklion Open 2017"]
[Site "Heraklion GRE"]
[Date "2017.04.18"]
[Round "2.3"]
[White "Maris,Io"]
[Black "Sredojevic,I"]
[Result "0-1"]
[WhiteElo "1967"]
[BlackElo "2351"]

1.e4 d6 2.d4 Nf6 3.Nc3 e5 4.Nf3 Nbd7 5.Be2 Be7 6.O-O O-O 7.h3 c6 8.a3 Re8
9.dxe5 dxe5 10.Be3 Qc7 11.Bc4 h6 12.Qe2 b5 13.Ba2 Nc5 14.Rad1 a5 15.Bxc5 Bxc5
16.Nh4 Kh7 17.Qf3 Qe7 18.Ne2 g6 19.g4 Kg7 20.Ng2 h5 21.gxh5 Nxh5 22.Ng3 Nf6
23.Ne3 Bxh3 24.Ngf5+ Bxf5 25.exf5 e4 26.Qg2 Qe5 27.Bxf7 Kxf7 28.Qxg6+ Kf8
29.Qh6+ Kg8 30.Kh1 Nh7 31.Rd7 Re7 32.Rxe7 Qxe7 33.Rg1+ Kh8 34.Ng4 Rg8 35.f6
Qe6 36.Qh4 Qf5 37.Rg2 Bf8 38.c3 Rg5 {#R} 0-1

[Event "20th Heraklion Open 2017"]
[Site "Heraklion GRE"]
[Date "2017.04.18"]
[Round "2.5"]
[White "Bras,E"]
[Black "Martorelli,A"]
[Result "0-1"]
[WhiteElo "1898"]
[BlackElo "2220"]

1.d4 Nf6 2.c4 g6 3.Nc3 Bg7 4.e4 d6 5.f3 e5 6.dxe5 dxe5 7.Qxd8+ Kxd8 8.Bg5 Nd7
9.g3 c6 10.Bh3 Nc5 11.O-O-O+ Kc7 12.Bxc8 Raxc8 13.Nge2 Rcd8 14.Be3 Nfd7 15.Rd2
h5 16.Kc2 Bh6 17.Bxh6 Rxh6 18.Rhd1 a5 19.Nc1 h4 20.f4 Re8 21.Nb3 b6 22.Na4 Re7
23.Naxc5 Nxc5 24.Nxc5 bxc5 25.Rd8 hxg3 26.hxg3 exf4 27.gxf4 Rh4 28.Ra8 Rxe4
29.Ra7+ Kb8 30.Rxf7 Rxc4+ 31.Kb3 Rd4 32.Rxd4 cxd4 33.Kc4 Rh2 34.b3 Rd2 35.Kc5
d3 36.Kb6 Kc8 37.Kxc6 Rc2+ 38.Kb5 d2 39.Rf8+ Kd7 {#R} 0-1

[Event "20th Heraklion Open 2017"]
[Site "Heraklion GRE"]
[Date "2017.04.18"]
[Round "2.8"]
[White "Mamoulakis,E"]
[Black "Vitsaxakis,Nikolaos"]
[Result "1-0"]
[WhiteElo "2117"]
[BlackElo "1726"]

1.Nf3 Nf6 2.g3 d5 3.Bg2 c5 4.d3 Nc6 5.Nbd2 e5 6.e4 Be7 7.O-O h6 8.exd5 Nxd5
9.Nc4 Bf6 10.Nfxe5 Nce7 11.Re1 O-O 12.c3 Rb8 13.d4 cxd4 14.cxd4 Bf5 15.a3 b5
16.Ne3 Be6 17.N3g4 Rc8 18.Nxf6+ Nxf6 19.Be3 Ned5 20.Rc1 Qb6 21.Qd2 a5 22.Rxc8
Rxc8 23.Rc1 Rb8 24.Rc6 Qa7 25.Rxe6 fxe6 26.Nc6 Qb6 27.Nxb8 Qxb8 28.Qxa5 b4
29.axb4 Nxb4 30.Qe5 Qxe5 31.dxe5 Ng4 32.Bd4 Nd3 33.f4 h5 34.Be4 Nc1 35.Kg2 Nb3
36.Bg1 Kf7 37.h3 Nh6 38.Bc2 Na5 39.b4 Nc4 40.b5 Nf5 41.b6 Na5 42.Be4 {#r} 1-0

[Event "20th Heraklion Open 2017"]
[Site "Heraklion GRE"]
[Date "2017.04.18"]
[Round "3.2"]
[White "Sredojevic,I"]
[Black "Mamoulakis,E"]
[Result "1-0"]
[WhiteElo "2351"]
[BlackElo "2117"]

1.g3 Nf6 2.Bg2 e6 3.Nf3 c5 4.O-O Be7 5.c4 Nc6 6.d4 cxd4 7.Nxd4 O-O 8.Nc3 a6
9.Bf4 Nxd4 10.Qxd4 d6 11.Qd3 Qb6 12.Rac1 Rd8 13.Na4 Qb4 14.b3 Rb8 15.Bd2 Qa3
16.Ba5 Rd7 17.Qd2 d5 18.Nb6 Rd8 19.cxd5 Nxd5 20.Nc4 Bb4 21.Nxa3 Bxd2 22.Bxd2
{#r} 1-0